000 00481nam a22001337a 4500
999 _c371955
_d371955
008 220531b ||||| |||| 00| 0 eng d
040 _aDE-2950
_cDE-2950
041 _ager
245 _aForschungsbericht der Europa-Universität Viadrina Frankfurt (Oder) 2012/
_chrsg. vom Referat Forschung der EUV Frankfurt (Oder)
260 _aFrankfurt (Oder):
_bEuropa-Universität.
_c2013
300 _a55 S.:
_bAbb,
653 _aEuropa-Universität Viadrina Frankfurt (Oder)
942 _2z
_cB